000 01387cam a2200409 a 4500
999 _c7231
_d7231
001 16967184
003 GZU
005 20210506090256.0
008 110919s2012 enka b 001 0 eng d
010 _a 2011939236
015 _aGBB1D7662
_2bnb
016 7 _a015979473
_2Uk
020 _a9781849208123 (hbk.)
020 _a1849208123 (hbk.)
020 _a9781849208130 (pbk.)
020 _a1849208131 (pbk.)
035 _a(OCoLC)ocn766339794
040 _aUKMGB
_cUKMGB
_dBTCTA
_dYDXCP
_dBWK
_dYNK
_dBWX
_dSINIE
_dCGU
_dOIP
_dCDX
_dDLC
042 _alccopycat
050 0 0 _aHA31.2 AND 2012
_b.A5195 2012
082 0 4 _a001.433
_223
100 1 _aAndres, Lesley.
245 1 0 _aDesigning & doing survey research /
_cLesley Andres.
246 3 _aDesigning and doing survey research
260 _aLondon :
_bSAGE,
_c2012.
300 _a197 p. :
_bill. ;
_c25 cm.
500 _aIncludes bibliography
504 _aIncludes bibliographical references (p. [187]-191) and index.
600 _2Survey research
650 0 _aSocial surveys
_xMethodology.
650 0 _aScientific surveys
_xMethodology.
650 0 _aSampling (Statistics)
906 _a7
_bcbc
_ccopycat
_d2
_encip
_f20
_gy-gencatlg
942 _2lcc
_cBK
_h31.2
_iAND
_kHA